| 000 | 00906nam a2200277 a 4500 | ||
|---|---|---|---|
| 001 | 25891 | ||
| 003 | CO-ViMGA | ||
| 008 | 141112s2004 ck r 000 u spa d | ||
| 020 | _a9789587071757 | ||
| 040 |
_aCO-ViMGA _bspa _cCO-ViMGA |
||
| 041 | _aSPA | ||
| 082 | 0 | 4 | _a351.861 G14m |
| 100 | 1 |
_aGalvis Gaitán, Fernando Augusto _940370 |
|
| 245 | 1 | 0 |
_aManual de administración pública / _cFernando Galvis Gaitán |
| 250 | _a2a ed. | ||
| 260 |
_aBogotá : _bLibrería Ediciones del Profesional Ltda., _c2009 |
||
| 300 | _a355 p. | ||
| 500 | _aIncluye glosario y bibliografía | ||
| 650 | 1 | 4 |
_aADMINISTRACION PUBLICA - COLOMBIA _916807 |
| 650 | 1 | 4 |
_aADMINISTRACION PUBLICA - HISTORIA _940371 |
| 650 | 1 | 4 |
_aDELITOS CONTRA LA ADMINISTRACION PUBLICA _97828 |
| 650 | 1 | 4 | _aESTADO |
| 650 | 1 | 4 |
_aFUNCION PUBLICA - COLOMBIA _922813 |
| 650 | 1 | 4 |
_aFUNCIONARIOS PUBLICOS - COLOMBIA _98506 |
| 942 |
_2ddc _cBK |
||
| 999 |
_c5449 _d5449 |
||